000
00277nam a22000857a 4500
008
230211b ||||| |||| 00| 0 eng d
100
_a
Litle, William & Sherman, Michael
245
_a
A Guide to Grading and Expertizing United States Stamps
650
_a
Expertizing|United States Stamps
999
_c
3489
_d
3489